| 000 | 00889nam a2200253 i 4500 | ||
|---|---|---|---|
| 003 | EG-ScBUE | ||
| 005 | 20231114112726.0 | ||
| 008 | 110711s1973 ua af 000 0 bara d | ||
| 017 | _a1973 / 4583 | ||
| 040 |
_aEG-ScBUE _bara _erda _cEG-ScBUE _dEG-ScBUE |
||
| 082 | 0 | 4 |
_222 _bم ل ا _a928.1 |
| 100 | 1 |
_917236 _aالملاخ، كمال، _d1918-1987، _eمؤلف. |
|
| 245 | 1 | 2 |
_aالحكيم بخيلا .. / _cكمال الملاخ. |
| 264 | 1 |
_aالقاهرة : _bالمكتب المصري الحديث، _c1973. |
|
| 300 |
_a385 صفحة ؛ _c24 سم |
||
| 336 |
_2rdacontent _aنص _btxt |
||
| 337 |
_aبدون وسيط _2rdamedia _bn |
||
| 338 |
_aمجلد _bnc _2rdacarrier |
||
| 600 | 1 | 7 |
_2BUEsh _aالحكيم، توفيق، _d1898-1987. |
| 650 | 7 |
_911526 _aالأدباء العرب _zمصر _vتراجم. _2BUEsh |
|
| 653 | _cJuly2011 | ||
| 655 | _vReading book | ||
| 942 |
_2ddc _cBB |
||
| 999 |
_c15678 _d15678 |
||